Premier League 2021-2022 Top scorers - Statistics

General Stats
  • This quiz has been taken 52 times
  • The average score is 10 of 10
Answer Stats
Goals Nationality Club Player % Correct
18 Portugal Manchester United Cristiano Ronaldo
100%
17 England Tottenham Hotspur Harry Kane
100%
15 England Leicester City Jamie Vardy
100%
15 Belgium Manchester City Kevin De Bruyne
100%
23 Egypt Liverpool Mohamed Salah
100%
16 Senegal Liverpool Sadio Mané
100%
23 South Korea Tottenham Hotspur Son Heung-min
100%
15 Portugal Liverpool Diogo Jota
91%
14 Ivory Coast Crystal Palace Wilfried Zaha
85%
13 England Manchester City Raheem Sterling
79%
No matching quizzes found
Score Distribution
Percent of People with Each Score
Percentile by Number Answered
Your Score History
You have not taken this quiz